Elementary statistics / (Record no. 1993)
[ view plain ]
| 000 -LEADER | |
|---|---|
| fixed length control field | 01008nac a22002651u 4500 |
| 010 ## - | |
| -- | 2005938661 |
| 020 ## - INTERNATIONAL STANDARD BOOK NUMBER | |
| International Standard Book Number | 0495017639 (student ed.) |
| 020 ## - INTERNATIONAL STANDARD BOOK NUMBER | |
| International Standard Book Number | 0495188417 (1pass) |
| 082 ## - DEWEY DECIMAL CLASSIFICATION NUMBER | |
| Classification number | 519.5 |
| Item number | J661 |
| 090 ## - LOCALLY ASSIGNED LC-TYPE CALL NUMBER (OCLC); LOCAL CALL NUMBER (OCLC) | |
| -- | 1993 |
| -- | 1993 |
| 100 ## - MAIN ENTRY--PERSONAL NAME | |
| Personal name | Johnson, Robert Russel |
| 245 10 - TITLE STATEMENT | |
| Title | Elementary statistics / |
| Statement of responsibility, etc | Robert Johnson, Patricia Kuby. |
| 250 ## - EDITION STATEMENT | |
| Edition statement | 10th ed. |
| 260 ## - | |
| -- | Belmont, CA : |
| -- | Thomson/Brooks/Cole,2007 |
| -- | 2007. |
| 300 ## - PHYSICAL DESCRIPTION | |
| Extent | xxiii, 884 p. : |
| Other physical details | ill. (some col.) ; |
| Dimensions | 27 cm. |
| 336 ## - CONTENT TYPE | |
| Source | rdacontent |
| Content type term | text |
| Content type code | txt |
| 337 ## - MEDIA TYPE | |
| Media type term | unmediated |
| Source | rdamedia |
| Media type code | n |
| 338 ## - CARRIER TYPE | |
| Carrier type term | volume |
| Carrier type code | nc |
| Source | rdacarrier |
| 500 ## - GENERAL NOTE | |
| General note | Includes one formula card. |
| 500 ## - GENERAL NOTE | |
| General note | Includes indexes. |
| 538 ## - SYSTEM DETAILS NOTE | |
| System details note | System requirements for accompanying computer disc: Windows 98se/ME/XP/NT/2000; Win: Internat Explorer 6/Netscape 7; Mac: Internet Explorer 5/Netscape 7; JAVA Virtual Machine: JAVA 1.4.3 for Windows. |
| 650 #0 - SUBJECT ADDED ENTRY--TOPICAL TERM | |
| Topical term or geographic name as entry element | Statistics |
| Form subdivision | Textbooks. |
| 700 1# - ADDED ENTRY--PERSONAL NAME | |
| Personal name | Kuby, Patricia. |
| 942 ## - ADDED ENTRY ELEMENTS (KOHA) | |
| Koha item type | Book - Borrowing |
| Call number prefix | 519.5J661 |
| Classification part | RDA-MOD |
| Withdrawn status | Lost status | Damaged status | Not for loan | Home library | Current library | Shelving location | Date acquired | Source of acquisition | Total Checkouts | Full call number | Barcode | Date last seen | Cost, replacement price | Price effective from | Koha item type |
|---|---|---|---|---|---|---|---|---|---|---|---|---|---|---|---|
| Central Library | Central Library | First floor | 07/02/2007 | Purchase | 519.5 JOH | 000002305 | 15/07/2025 | 319.00 | 07/02/2007 | Book - Borrowing |